تحميل...
Householder`s discipline in jainism/
| المؤلف الرئيسي: | |
|---|---|
| التنسيق: | Printed Book |
| منشور في: |
Delhi:
Eastern Book Linkers,
1996.
|
| الموضوعات: |
| LEADER | 00558nam a22001697a 4500 | ||
|---|---|---|---|
| 020 | |a 818633923x | ||
| 082 | |a 294.45 |b MAD/H | ||
| 100 | |a Madhusudan Mishra | ||
| 245 | |a Householder`s discipline in jainism/ |c by Madhusudan Mishra | ||
| 260 | |a Delhi: |b Eastern Book Linkers, |c 1996. | ||
| 300 | |a 96p. | ||
| 650 | |a Jaina Ethics | ||
| 650 | |a Jainism | ||
| 650 | |a Religion | ||
| 942 | |c BK | ||
| 999 | |c 56911 |d 56911 | ||
| 952 | |0 0 |1 0 |4 0 |6 294_450000000000000_MAD_H |7 0 |9 80139 |a SSUS |b SSUS |c STACKS |d 2015-10-12 |g 200.00 |l 2 |o 294.45 MAD/H |p 078830 |r 2019-03-19 |s 2019-03-18 |w 2015-10-12 |y BK | ||